Характеристические потери энергии электронов в твердых телах: сборник статей; пер. с англ.

Bibliografski detalji
Daljnji autori: Шульман А. Р. Аркадий Романович (редактор)
Sažetak:Сборник составлен из переводов работ, посвященных изучению характеристических потерь энергии электронов в твердых телах — явлению, с которым приходится встречаться при эмиссии электронов твердыми телами, при отражении и дифракции электронных пучков в кристаллах, при прохождении электронов через тонкие пленки вещества, в физике рентгеновского излучения и т. д. Исследование этого явления имеет большое значение и для теории твердого тела. Если энергетические спектры свободных атомов, молекул и ионов изучены относительно хорошо, то структура спектров энергии твердых тел известна совершенно недостаточно. Изучение характеристических потерь позволяет получить здесь важные результаты, которые существенны для решения ряда проблем физики полупроводников, электронной микроскопии и физической электроники. Современное состояние вопроса описывается в первой обзорной статье Мартона, Ледера и Мендловитца и в предисловии редактора перевода, где также сделаны критические замечания о включенных в сборник материалах. В статьях сборника приведены результаты проводившихся экспериментальных исследований. Рассмотрен вопрос о механизме характеристических потерь. Подробно освещены различные точки зрения.
Jezik:ruski
Izdano: Москва, Иностранная литература, 1959
Teme:
Format: Knjiga
KOHA link:https://koha.lib.tpu.ru/cgi-bin/koha/opac-detail.pl?biblionumber=259647

MARC

LEADER 00000nam0a2200000 4500
001 259647
005 20231101233414.0
035 |a (RuTPU)RU\TPU\book\282593 
090 |a 259647 
100 |a 20140512d1959 k y0rusy50 ca 
101 1 |a rus  |c eng 
102 |a RU 
105 |a a z 001zy 
200 1 |a Характеристические потери энергии электронов в твердых телах  |e сборник статей  |e пер. с англ.  |f под ред. А. Р. Шульмана 
210 |a Москва  |c Иностранная литература  |d 1959 
215 |a 271 с.  |c ил. 
316 |5 63413507: КР-6165  |a На авантитуле дарственная надпись : "Глубокоуважаемому Александру Акимовичу от А. Шульмана 27 сент. 1961 г." 
317 |5 63413507: КР-6165  |a Поступила в НТБ в 1987 г. в дар от вдовы ученого Е. К. Завадовской 
320 |a Библиография в конце статей 
330 |a Сборник составлен из переводов работ, посвященных изучению характеристических потерь энергии электронов в твердых телах — явлению, с которым приходится встречаться при эмиссии электронов твердыми телами, при отражении и дифракции электронных пучков в кристаллах, при прохождении электронов через тонкие пленки вещества, в физике рентгеновского излучения и т. д. Исследование этого явления имеет большое значение и для теории твердого тела. Если энергетические спектры свободных атомов, молекул и ионов изучены относительно хорошо, то структура спектров энергии твердых тел известна совершенно недостаточно. Изучение характеристических потерь позволяет получить здесь важные результаты, которые существенны для решения ряда проблем физики полупроводников, электронной микроскопии и физической электроники. Современное состояние вопроса описывается в первой обзорной статье Мартона, Ледера и Мендловитца и в предисловии редактора перевода, где также сделаны критические замечания о включенных в сборник материалах. В статьях сборника приведены результаты проводившихся экспериментальных исследований. Рассмотрен вопрос о механизме характеристических потерь. Подробно освещены различные точки зрения. 
606 1 |a Электроны  |x Потери энергии (в твердых телах)  |2 stltpush  |3 (RuTPU)RU\TPU\subj\60232  |9 77668 
610 1 |a физика 
610 1 |a характеристика 
610 1 |a плазма 
610 1 |a колебания 
610 1 |a металлические пленки 
610 1 |a электроны Оже 
610 1 |a угловая зависимость 
610 1 |a металлы 
610 1 |a библиотека А. А. Воробьева 
610 1 |a дары библиотеке 
675 |a 539.2:537  |v 3 
702 1 |a Шульман  |b А. Р.  |g Аркадий Романович  |4 340 
801 1 |a RU  |b 63413507  |c 20140512 
801 2 |a RU  |b 63413507  |c 20191121  |g RCR 
942 |c BK